000 00742nam a2200205 i 4500
001 130255
003 ES-MaACL
005 20230906193702.0
007 t|
008 070724s1908 fr |||| | fre d
100 1 _aZaborowski-Moindron, Sigismond.
_9150012
245 1 4 _aLes peuples aryens d'Asie et d'Europe
_b: leurs origines en Europe, la civilisation protoaryenne /
_cpar S. Zaborowski.
260 _aParis :
_b[A. Taffin-Lefort],
_c1908.
300 _aXX, 439 p. ;
_c18 cm.
490 1 _aEncyclopédie scientifique. Bibliotheque d'anthropologie
651 4 _aEuropa-
_xCivilización.
_98584
830 0 _aEncyclopédie scientifique. Bibliotheque d'anthropologie
_9186809
852 _aES-MaACL
_jD-4410
999 _c130255
_d130255